000 00340nam a2200133Ia 4500
008 240624s9999 xx 000 0 und d
041 _aeng
082 _a330.973001 GRE
100 _aGREENSPAN ALAN
245 _aMAP AND THE TERRITORY RISK HUMAN NATURE
260 _c2013
_aNew York
_bPenguin
300 _a388 p.; 23 cm.
365 _c
_b33
999 _c32323
_d32323